000 00422nam a2200169 a 4500
001 0000-8869
003 ELIB.Books
008 110520 2003
035 _a(ELIB.Books)0000-9015
082 _a294.3
_bMau
100 _aMaung, Myint
245 _aTo motherland: with love
260 _bMyanmar: Dhamma Research Center
_c2003
650 _aBuddism
942 _2ddc
_cBK
998 _cbat
_e2011-05-20
999 _c8869
_d8869